01186nam a2200313Ia 4500001001200000003000800012006001900020007001500039008004100054020001800095020001500113040002100128035002100149050002500170100001800195245009000213260004700303300002400350504006400374533015200438650001400590650002300604650001600627655002900643700004000672710001700712856012600729999001700855ebr10348434CaPaEBRm u cr cn|||||||||081011s2009 ctua sb 001 0 eng d z9780300141092 z0300141092 aCaPaEBRcCaPaEBR a(OCoLC)39133476314aSB211.P8bR43 2009eb1 aReader, John.10aPotatoh[electronic resource] :ba history of the propitious esculent /cJohn Reader. aNew Haven :bYale University Press,c2009. axvi, 315 p. :bill. aIncludes bibliographical references (p. 293-305) and index. aElectronic reproduction.bPalo Alto, Calif. :cebrary,d2010.nAvailable via World Wide Web.nAccess may be limited to ebrary affiliated libraries. 0aPotatoes. 0aPotatoesxHistory. 0aFood crops. 7aElectronic books.2local1 aReader, John.tPropitious esculent.2 aebrary, Inc.40uhttp://site.ebrary.com/lib/rucke/Doc?id=10348434zAn electronic book accessible through the World Wide Web; click to view c32536d32536